000 00670nam a2200205Ia 4500
001 10216
003 GE_BSU
008 181216s||||||||xx |||||||||||||| ||und||
040 _cGE_BSU
080 _a821.353.1–32
100 _aსულაკაური,არჩილ
245 _aმოთხრობები
245 _cრედ.დილარ ივარდავა.მხატვ.ზ.მეძმარიაშვილი
260 _aთბილისი
260 _bსაბჭოთა საქართველო
260 _c1975
300 _a651გვ.ილ.21სმ.
653 _aმოთხრობები
942 _cBK
999 _c43485
_d43485